Indian culture: Journal of the Indian research institute. Vol 5,15 (Record no. 1376636)

MARC details
000 -LEADER
fixed length control field 00470nam a2200169Ia 4500
005 - DATE AND TIME OF LATEST TRANSACTION
control field 20250508162442.0
008 - FIXED-LENGTH DATA ELEMENTS--GENERAL INFORMATION
fixed length control field 008 250505s9999 xx 000 0 eng d
037 ## - SOURCE OF ACQUISITION
Stock number Periodicals
040 ## - CATALOGING SOURCE
Original cataloging agency FEDL
Language of cataloging eng
Transcribing agency FEDL
041 ## - LANGUAGE CODE
Language code of text/sound track or separate title eng
Source of code eng
084 ## - COLON CLASSIFICATION NUMBER
Assigning agency FEDL
245 #0 - TITLE STATEMENT
Title Indian culture: Journal of the Indian research institute. Vol 5,15
260 ## - PUBLICATION, DISTRIBUTION, ETC.
Place of publication, distribution, etc. New Delhi, India
Name of publisher, distributor, etc. Indological Book Corporation
490 ## - SERIES STATEMENT
Volume/sequential designation Vol 5
942 ## - ADDED ENTRY ELEMENTS (KOHA)
Koha item type Periodicals
Holdings
Withdrawn status Lost status Damaged status Not for loan Home library Current library Date acquired Total Checkouts Barcode Date last seen Price effective from Koha item type
        Department of Education Library Department of Education Library 2025-05-08   EL0068089 2025-05-08 2025-05-08 Periodicals
Copyright @ Delhi University Library System